000 00669nam a2200229 i 4500
001 86107
003 ES-MaACL
005 20250808022125.0
007 t|
008 041207s1953 sp |||| | spa d
080 _a821.133.1 "19"
100 1 _aKern, Erich.
_967913
245 1 3 _aLa danza de la muerte /
_cErich Kern ; [versión española de N. Massanés].
250 _a1ª ed.
260 _aBarcelona :
_bLuis de Caralt,
_c1953 (
_fAmpurias)
300 _a224 p. ;
_c20 cm.
490 1 _aLa vida vivida
650 0 4 _aGuerra mundial, 1939-1945.
_913228
830 0 3 _aLa vida vivida
_9180877
852 _aES-MaACL
_jC-6323
999 _c86107
_d86107